| 000 | nam a22 a 4500 | ||
|---|---|---|---|
| 999 |
_c3100 _d3100 |
||
| 003 | AKMAL | ||
| 005 | 20170519112408.0 | ||
| 008 | 170519s1992 my 00 eng d | ||
| 020 |
_a9839743120: _cRM 27.00 |
||
| 040 | _aAKMAL | ||
| 082 | 0 | 4 | _a613.8 DAD |
| 090 |
_a613.8 _bDAD |
||
| 245 |
_aDadah (illicit drugs) : _bwhat you need to know / _cAnti Narcotics Task Force, National Security Council, Prime Minister's Department |
||
| 260 |
_aKuala Lumpur : _bDelmu Malaysia, _c1992 |
||
| 300 |
_ax, 237p. : _bill. ; _c22cm. |
||
| 500 | _aAlso published in bahasa Melayu | ||
| 650 |
_aDrug abuse _zMalaysia _96430 |
||
| 650 |
_aNarcotics _zMalaysia _96431 |
||
| 650 |
_aNarcotic laws _zMalaysia _92408 |
||
| 710 | 2 |
_aMalaysia. _bPasukan Petugas Anti Dadah _96432 |
|
| 942 |
_2ddc _cBOOK |
||